Music Quiz

Random Music or Lyrics Quiz

What's That Olly Murs Song? Quiz Stats

 Plays Quiz not verified by Sporcle

Challenge
Share
Tweet
Embed
Score 0/31 Timer 07:00
0 Plays Today
% Correct
My name is Olly. Nice to meet you. Can I tell you baby?Dance With Me Tonight
87.2%
Weekends in bed, no scrambled egg or bacon!Busy
77.8%
Winter time in London are you making plans?Thinking of Me
73.1%
*Name of song* I can't hide it. You just smiled when you walked by me.Oh My Goodness
68.6%
Where do I begin? Should I tell you how bad I need you know!Please Don't Let Me Go
68.3%
*Title of song* I can see you're not yourself!Heart Skips a Beat
62.1%
You think you've heard this before!Heart On My Sleeve
58.3%
Feet on the driveway, key in the door.I'm OK
56.3%
Maybe your out tonight, somebody else by your side.In Case You Didn't Know
54.6%
This is my confessional pen and paper round!This Song is About You
52.9%
Frankly, my dear, I don't give a damn!I Blame Hollywood
51.1%
*Title of song* to get you off my mind.I've Tried Everything
47.4%
I wonder how you kiss first thing in the morning.I Need You Now
47%
I'm always at the place where your friends meet!Accidental
46.7%
Nothings moving faster but I'm taking my time!On My Cloud
43.4%
It's the morning after last night, I got in late and you were up for a fight.I Don't Love You Too
43.2%
% Correct
Strike up the band. Let's light a fire.Anywhere Else
43.1%
Something's come, feel it down in my bones!Change is Gonna Come
42.1%
I'm finding it hard, nobody knows!A Million More Years
39.9%
I can see pouring rain, see my future heading for the drain.Tell the World
39.3%
Middle of the night, when it comes creeping!Hold On
39.3%
This ones for the girl that I see at the coffee shop.This One's For The Girls
39.1%
Sat on my bed and looked in my eyes!Ask Me to Stay
36.5%
Where do I go from here? Tell me, baby!Love Shine Down
36.4%
I've been working so hard. We spent so long apart.Just Smile
34.3%
There's a word that would hurt, I can feel on your lips!Don't Say Goodbye
28.2%
A little bit of heaven, a whole lot of hell!Sophie
26.9%
When you walked in the room, I thought I'd forgotten you!C'mon C'mon
20.8%
Oh, *title of song*, you light up the night skies!Baby Blue Eyes
19.3%
I just got home from work, oh what have I done?Takes A Lot
14%
Don't care what anyone says, no one likes to be lonely!Never the Groom
10.1%

You're not logged in!

Compare scores with friends on all Sporcle quizzes.
Join for Free
OR
Log In

You Might Also Like...

Show Comments

Extras

Created Sep 12, 2011ReportNominate
Tags:Lyrics Quiz

Top Quizzes Today


Score Distribution

Your Account Isn't Verified!

In order to create a playlist on Sporcle, you need to verify the email address you used during registration. Go to your Sporcle Settings to finish the process.

Report this User

Report this user for behavior that violates our Community Guidelines.

Details: